000
00356nam a22001577a 4500
003
MPLRDC
005
20220104144319.0
008
210129b ||||| |||| 00| 0 eng d
082
_a
524.917 XSSX
100
_a
不详
245
_a
初一新生数学辅助课本
_c
260
_a
_b
不详
_c
300
_b
平
650
_a
942
_c
BK
_o
524.917 XSSX
999
_c
48413
_d
48403